Datum a čas kvízu
17
Celkem bodů
Celkový počet nahraných bodů na tomto kvízu bez doplňovacích otázek.
4.
Pořadí na kvízu
Konečné umístění týmu na tomto kvízu.
Zaznamenané odpovědi
| # | Otázka | Odpověď | Body | Výsledky |
|---|---|---|---|---|
| 1. | Jak se nazývá uhelná elektrárn... | Chvaletice | 0 | |
| 2. | Evropský parlament si ve střed... | David-Maria Sassoli | 0 | |
| 3. | Ke které události uplynulého t... | k Mezinárodnímu filmovému festivalu Karlovy Vary | 0 | |
| 4. | Středa byla černým dnem pro mn... | Jim Beam | 0 | |
| 5. | Po zisku domácího titulu i poh... | Spartak Trnava, 3:0 | 0 | |
| 6. | V tomto tématu se vydáme autem... | Palác kultury a vědy/Pałac Kultury i Nauki | 0 | |
| 7. | Druhý den pokračujeme do litev... | Pakt Ribbentrop-Molotov | 0 | |
| 8. | Z Vilniusu pokračujeme do přím... | Kaliningradská oblast | 0 | |
| 9. | Z Klajpedy se přesuneme do Rig... | secese | 0 | |
| 10. | Poslední den se z Rigy vydáme... | salmiak | 0 |